| 000 | 00584nam a2200229Ia 4500 | ||
|---|---|---|---|
| 003 | OSt | ||
| 005 | 20220924142431.0 | ||
| 006 | a|||||r|||| 00| 0 | ||
| 007 | ta | ||
| 008 | 220923b |||||||| |||| 00| 0 ben d | ||
| 024 | _a301886 | ||
| 037 | _cTextual | ||
| 040 |
_aARTS _cARTS _bben |
||
| 041 |
_2ben _aben |
||
| 082 | _aY1.44Q72.N, 157M4 | ||
| 100 |
_aQasem Mohammad _9213380 |
||
| 245 | 0 |
_aBanglzcdxh _bJati o sangskriti |
|
| 260 | _c1984 | ||
| 650 | _aSOCIOLOGY | ||
| 942 |
_hY1.44Q72.N, 157M4 _cTEXL _2CC |
||
| 999 |
_c450696 _d450696 |
||